| 000 | 00391cam a2200181 4500 | ||
|---|---|---|---|
| 001 | D13814 | ||
| 008 | 090401t1961 xxu||||| |||| 00| 0 eng d | ||
| 035 | _a(Sirsi) u11833 | ||
| 041 | _aeng | ||
| 100 | _aSandover, J.A. | ||
| 245 | _aPlane surveying | ||
| 260 |
_aLondon _bArnold _c1961 |
||
| 300 | _a242p | ||
| 350 | _a1.75 | ||
| 520 | _aShelf 134 | ||
| 942 | _n0 | ||
| 948 | _c04/03/1997 | ||
| 999 |
_c86918 _d86918 |
||